Les entraîneurs du Real Madrid au XXIème siècle - Statistiques

Statistiques générales
  • Ce quiz a été pris 409 fois
    164 depuis la dernière actualisation
  • Le résultat moyen est 8 sur 19
Statistiques - réponses
Date Entraîneur % Correct
2016-2018 Zinédine Zidane
100%
2019-2021 Zinédine Zidane
100%
2013-2015 Carlo Ancelotti
99%
2021-2025 Carlo Ancelotti
99%
2025- Xabi Alonso
94%
2010-2013 José Mourinho
88%
2015-2016 Rafa Benítez
59%
1999-2003 Vicente Del Bosque
51%
2018 Lopetegui
37%
2009-2010 Manuel Pellegrini
25%
2018-2019 Santiago Solari
25%
2006-2007 Fabio Capello
23%
2007-2008 Bernd Schuster
9%
2004 Camacho
7%
2008-2009 Juande Ramos
7%
2005 Vanderlei Luxemburgo
7%
2003-2004 Carlos Queiroz
5%
2005-2006 López Caro
4%
2004 García Remón
2%
Aucun quiz correspondant
Distribution des résultats
% des personnes avec chaque résultat
Percentile par nombre de réponses
Votre historique - résultats
Vous n’avez pas pris ce quiz depuis la dernière actualisation